000 00376nam a22001217a 4500
999 _c835
_d835
005 20200819105536.0
008 200819b ||||| |||| 00| 0 eng d
020 _a856330302
040 _cCML
245 _aPiagetian Research: A handbook of recent studies.
_cModgil, S.
260 _aThemes Avenue
_bNFER Publishing Company
_c1974
942 _2ddc
_cBK
_h370.15
_mMOD